000 00329nam a2200133 i 4500
001 bg
100 1 _aSTOKŁOSA, J.
245 0 _aProblemy mechaniki w modernizacjach i remontach... /
_cJ. Stokłosa.
260 _aWarszawa,
_c1979.
040 _cBPK
041 _apol
942 _cKS
008 s pl f |000 0 pol
999 _c21330
_d21330
856 _uhttp://koha.tu.koszalin.pl/cgi-bin/koha/opac-detail.pl?biblionumber=21330
_yKatalog online BPK